000 00537nam a22001697a 4500
005 20251108170753.0
008 250721s2001 xx 000 0 ara d
082 1 4 _a218.9/بوز
100 1 _aالبوزيدي، محمد بن أحمد
245 1 0 _aالآداب المرضية لسالك طريق الصوفية /
264 1 _aعمان :
_bدار الفتح للنشر،
_c2001.
300 _a362ص
650 1 7 _aالتصوف الإسلامي
700 1 _aبارود، بسام
_eتحقيق
942 _2ddc
_cBK
999 _c48574
_d48574